[Event "Biel MTO 2013"]
[Site "Biel SUI"]
[Date "2013.07.25"]
[Round "4.19"]
[White "Ludwig,Peter"]
[Black "Meins,G"]
[Result "0-1"]
[WhiteElo "2265"]
[BlackElo "2474"]

1.Nf3 d5 2.c4 e6 3.b3 Nf6 4.Bb2 Be7 5.e3 O-O 6.Nc3 b6 7.Be2 Bb7 8.Qc2 c5
9.cxd5 Nxd5 10.Nxd5 Bxd5 11.d4 cxd4 12.Nxd4 Bb4+ 13.Bc3 Bxc3+ 14.Qxc3 Nd7
15.Bf3 Rc8 16.Qb2 Ne5 17.O-O Nxf3+ 18.Nxf3 Bxf3 19.gxf3 Qg5+ 20.Kh1 Qf5 21.Kg2 Qg6+
22.Kh1 Qf5 23.Kg2 Rc2 24.Qd4 e5 25.Qg4 Qc8 26.Qxc8 Rfxc8 27.Rfd1 g6 28.Rd7 R8c7
29.Rxc7 Rxc7 30.Rd1 Rc2 31.a4 Rc3 32.Rd5 Rxb3 33.a5 Ra3 34.axb6 axb6 35.Rb5 Ra6
36.Rxe5 Kf8 37.f4 Ra5 38.Re4 Rc5 39.f3 Rc6 40.Kg3 b5 41.Rb4 Rb6 42.f5 Ke7
43.Kf4 Kd6 44.fxg6 hxg6 45.Ke4 Kc5 46.Rb1 b4 47.Kd3 Rd6+ 48.Kc2 Kc4 49.Rc1 Rd3
50.Kb2+ Rc3 51.Re1 Kd3 52.Rd1+ Kxe3 53.Rd7 f5 54.f4 Kxf4 55.Rd4+ Kg5 56.Rxb4 Rh3
57.Kc2 Rxh2+ 58.Kd3 f4 59.Rb1 Kf5 60.Rg1 g5 61.Ra1 Rg2 62.Ra5+ Kg4 63.Rb5 f3  0-1

[Event "ch-AUT 2013"]
[Site "Feldkirch AUT"]
[Date "2013.07.25"]
[Round "6.5"]
[White "Froewis,G"]
[Black "Gerhold,M"]
[Result "1-0"]
[WhiteElo "2423"]
[BlackElo "2256"]

1.Nf3 d5 2.c4 c6 3.e3 Nf6 4.Nc3 e6 5.Qc2 Nbd7 6.b3 Bd6 7.Bb2 O-O 8.Be2 a6
9.d4 b5 10.O-O dxc4 11.bxc4 b4 12.Ne4 Be7 13.Nxf6+ Bxf6 14.Bd3 g6 15.Be4 Bb7
16.a3 bxa3 17.Bxa3 Re8 18.Bd6 e5 19.Rfb1 Ra7 20.Nxe5 Nxe5 21.Bc5 Ra8 22.Rxb7 Nd7
23.Ba3 Rc8 24.Bb2 c5 25.g3 Nb6 26.Rxa6 Rxe4 27.Qxe4 Nxc4 28.Qf3 Kg7 29.Raa7 Nd6
30.Rd7 Qb6 31.dxc5 Qxb2 32.cxd6  1-0

[Event "Maccabiah GM1 2013"]
[Site "Jerusalem ISR"]
[Date "2013.07.25"]
[Round "7.5"]
[White "Grunberg,M"]
[Black "Raznikov,D"]
[Result "0-1"]
[WhiteElo "2411"]
[BlackElo "2489"]

1.Nf3 d5 2.c4 d4 3.d3 Nc6 4.e3 e5 5.exd4 exd4 6.Be2 h6 7.O-O Nf6 8.Re1 Bc5
9.Bf1+ Be6 10.b3 O-O 11.h3 Qd6 12.g3 Bb4 13.Bd2 a5 14.a3 Bc5 15.Bf4 Qd7 16.Ne5 Nxe5
17.Bxe5 Nh7 18.Nd2 Rfe8 19.Nf3 c6 20.Kh2 Ng5 21.Nxg5 hxg5 22.g4 Bd6 23.Bxd6 Qxd6+
24.Kg1 f5 25.gxf5 Bxf5 26.Qh5 Qg6 27.Qxg6 Bxg6 28.Kg2 Rxe1 29.Rxe1 Kf7 30.Kg3 Kf6
31.Rc1 c5 32.Rb1 Bf5 33.Kf3 Ke5 34.Ke2 Kf4 35.Bg2 g4 36.hxg4 Bxg4+ 37.Kd2 Rh8
38.Bxb7 Rh2 39.Rf1 Bf3 40.Bxf3 Kxf3 41.b4 axb4 42.axb4 cxb4 43.c5 g5 44.c6 g4
45.c7 Rh8 46.Rb1 Rc8 47.Rxb4 Rxc7 48.Rxd4 Ra7 49.Rd8 Kxf2 50.Rf8+ Kg2 51.Rg8 g3
52.Ke3 Re7+ 53.Kf4 Kf2 54.d4 g2 55.d5 Re8 56.Rg7 Re1 57.d6 Re6 58.d7 Rd6
59.Ke5  0-1

[Event "Maccabiah IM2 2013"]
[Site "Jerusalem ISR"]
[Date "2013.07.25"]
[Round "7.1"]
[White "Gindi,S"]
[Black "Reshef,O"]
[Result "1-0"]
[WhiteElo "2278"]
[BlackElo "2235"]

1.Nf3 d5 2.c4 c6 3.e3 Nf6 4.Nc3 g6 5.d4 Bg7 6.Be2 O-O 7.O-O e6 8.b4 dxc4
9.Bxc4 b5 10.Bd3 a5 11.bxa5 Qxa5 12.Bd2 Qd8 13.a4 bxa4 14.Rxa4 Rxa4 15.Nxa4 Nfd7
16.Qb3 Ba6 17.Bxa6 Nxa6 18.Qc4 Nab8 19.Rb1 Qc7 20.e4 Rc8 21.g3 Bf8 22.Bf4 Bd6
23.Bxd6 Qxd6 24.Rb7 Kg7 25.Qb3 Na6 26.e5 Qe7 27.Ra7 Rb8 28.Qd1 Nb4 29.Nc5 Rd8
30.Qb1 Nd5 31.Qc1 h6 32.Nd2 N5b6 33.Qb2 Qe8 34.Nxd7 Nxd7 35.Ne4 Ra8 36.Nd6 Qd8
37.Qb7 Rxa7 38.Qxa7 c5 39.dxc5 Nxe5 40.f4 Nd7 41.c6 Qb6+ 42.Qxb6 Nxb6 43.c7 Kf6
44.c8=Q Nxc8 45.Nxc8 e5 46.fxe5+ Kxe5 47.Kf2 f5 48.Ke3 g5 49.Ne7 h5 50.Nc6+ Kd5
51.Nb4+ Ke5 52.Nd3+ Kf6 53.h4 Kg6 54.Ne5+ Kf6 55.Nf3 f4+ 56.gxf4  1-0

[Event "III Brazil Maringa Open"]
[Site "Maringa BRA"]
[Date "2013.07.25"]
[Round "3.8"]
[White "Supi,L"]
[Black "Costa,PC"]
[Result "1/2-1/2"]
[WhiteElo "2327"]
[BlackElo "2054"]

1.Nf3 d5 2.c4 e6 3.d4 c6 4.Qb3 Qb6 5.Qc2 Bb4+ 6.Nc3 Nf6 7.a3 Bxc3+ 8.bxc3 O-O
9.a4 Nbd7 10.e3 Re8 11.cxd5 exd5 12.Be2 Nf8 13.O-O Ng6 14.c4 dxc4 15.Bxc4 Be6
16.Ba3 Bxc4 17.Qxc4 Qc7 18.Rab1 Rac8 19.Qb3 b6 20.Rfc1 Qd7 21.Rc4 h6 22.Rbc1 Re6
23.Qc2 Qd5 24.Bb2 Ne4 25.Ne5 c5 26.Rd1 Rd8 27.Nf3  1/2-1/2

[Event "15th TCh-Eur Senior"]
[Site "Dresden GER"]
[Date "2013.07.26"]
[Round "7"]
[White "Wuttke,H"]
[Black "Burnett,J"]
[Result "0-1"]
[WhiteElo "2171"]
[BlackElo "2117"]

1.Nf3 d5 2.c4 e6 3.b3 Nf6 4.Bb2 Be7 5.g3 O-O 6.Bg2 c6 7.O-O b5 8.Ne5 Bb7
9.d3 Nbd7 10.Nxd7 Qxd7 11.cxb5 cxb5 12.Nd2 Rfc8 13.Nf3 a5 14.a3 Bd6 15.Qd2 Qe7
16.Nd4 Qd7 17.f4 b4 18.a4 Ba6 19.Kh1 Bc5 20.e3 Re8 21.Rae1 Rac8 22.Rf2 Re7
23.Bh3 Bb7 24.Bg2 Ba6 25.Qd1 Qd8 26.h3 Rec7 27.Nf3 Nd7 28.Ne5 f6 29.Nxd7 Qxd7
30.Rd2 Bb6 31.Kh2 Qf7 32.h4 Rd8 33.Qe2 Ba7 34.Bh3 Re7 35.Rc2 Bb8 36.Rec1 e5
37.fxe5 fxe5 38.Bc8 Bxc8 39.Rxc8 Rd7 40.Rxd8+ Rxd8 41.Rf1 Qe6 42.Rf2 d4 43.exd4 Qxb3
44.Qe4 Qd5 45.Qxd5+ Rxd5 46.Rc2 Kf7 47.Rc8 Bd6 48.Ra8 exd4 49.Ra7+ Be7 50.g4 Ke6
51.Kg3 h5 52.Ra6+ Bd6+ 53.Kf3 hxg4+ 54.Kxg4 g6 55.Ra7 Rf5 56.Bc1 Rf1 57.Bh6 b3
58.Rb7 Bb4 59.Rb6+ Kd5 60.Bd2 b2 61.Bxb4 axb4  0-1

[Event "VIII Vladimir Dvorkovich Open"]
[Site "Taganrog RUS"]
[Date "2013.07.26"]
[Round "5.13"]
[White "Osipov,Ad"]
[Black "Mandrikin,I"]
[Result "1/2-1/2"]
[WhiteElo "2072"]
[BlackElo "2311"]

1.Nf3 d5 2.c4 e6 3.b3 Nf6 4.Bb2 c6 5.e3 Bd6 6.Nc3 Nbd7 7.Qc2 O-O 8.Be2 Re8
9.O-O dxc4 10.Bxc4 Nb6 11.Bd3 g6 12.Ng5 Be7 13.f4 Bd7 14.Nce4 Nfd5 15.a3 Rc8
16.Nf3 c5 17.Rac1 a6 18.Ba1 Bb5 19.Bxb5 axb5 20.Qb2 f6 21.g4 Rf8 22.g5 c4
23.Nd4 Qd7 24.gxf6 Nxf6 25.Ng5 Ra8 26.b4 Na4 27.Qc2 Ra6 28.Ndf3 Rd8 29.Rf2 Qd3
30.Ne5 Qxc2 31.Rxc2 Nd5 32.Ng4 Nab6 33.Nh6+ Kf8 34.Nxe6+ Ke8 35.Nxd8 Bxd8
36.Bb2 Na4 37.Bc1 Nf6 38.h3 Rd6 39.Ng4 Ne4 40.Rg2 Bh4 41.Ne5 Bg3 42.Nf3 h6
43.Nd4  1/2-1/2

[Event "Sparkassen Open A 2013"]
[Site "Dortmund GER"]
[Date "2013.07.27"]
[Round "1.7"]
[White "Heck,N"]
[Black "Zolfagharian,Kevin"]
[Result "0-1"]
[WhiteElo "2280"]
[BlackElo "2010"]

1.Nf3 d5 2.c4 d4 3.g3 c5 4.Bg2 Nc6 5.O-O Nf6 6.d3 e5 7.Na3 Be7 8.Nc2 Bf5
9.Bd2 Qd7 10.Re1 e4 11.Nh4 Bh3 12.dxe4 Bxg2 13.Nxg2 Nxe4 14.Nf4 Ne5 15.b3 h5
16.Nd3 Qf5 17.Rf1 h4 18.Nxe5 hxg3 19.fxg3 Qxe5 20.Be1 Qh5 21.h4 Bxh4 22.e3 Qg6
23.Qf3 Bxg3 24.Bxg3 Nxg3 25.Rfc1 Ne2+  0-1

[Event "Quebec Open Invitational 2013"]
[Site "Montreal CAN"]
[Date "2013.07.27"]
[Round "8.7"]
[White "Molner,M"]
[Black "Perez Garcia,Rodn"]
[Result "1-0"]
[WhiteElo "2501"]
[BlackElo "2364"]

1.Nf3 d5 2.c4 c6 3.g3 Nf6 4.Bg2 Bf5 5.cxd5 cxd5 6.d3 Nc6 7.Qb3 Na5 8.Qa4+ Bd7
9.Qf4 e6 10.O-O Be7 11.Nc3 Rc8 12.e4 O-O 13.e5 Ne8 14.Be3 f6 15.Qg4 Nc6 16.d4 f5
17.Qf4 Nb4 18.Rad1 Qb6 19.a3 Nc2 20.Bc1 Nc7 21.Qd2 Na1 22.Qd3 Nb3 23.Bg5 Rfe8
24.Bxe7 Rxe7 25.Rfe1 Be8 26.Ne2 Ba4 27.Nf4 h6 28.Qc3 Ree8 29.Ng6 Kh7 30.Nfh4 Nb5
31.Qf3 N3xd4 32.Qh5 Bxd1 33.Rxd1 Nc6 34.Nxf5 Rcd8 35.Nfh4 Ne7 36.Bf1 Nd4
37.Bd3 Kg8 38.Nxe7+ Rxe7 39.Qg6 Nf5 40.Bxf5 exf5 41.Nxf5 Rc7 42.e6 Rf8 43.Nxh6+ Kh8
44.Nf7+ Kg8 45.Rd2 Rc1+ 46.Kg2 Qa6 47.Rd3 Rc2 48.Rf3  1-0

[Event "28th Avoine Open"]
[Site "Avoine FRA"]
[Date "2013.07.28"]
[Round "9.2"]
[White "Jianu,V"]
[Black "Dgebuadze,A"]
[Result "1/2-1/2"]
[WhiteElo "2560"]
[BlackElo "2520"]

1.Nf3 d5 2.c4 e6 3.b3 Nf6 4.g3 Nc6 5.d4 Ne4 6.a3 g5 7.Bb2 Bg7 8.Nbd2 f5 9.Bg2 O-O
10.Rc1 g4 11.Ne5 Nxe5 12.dxe5 c6 13.O-O Bd7 14.Nxe4 fxe4 15.f3 exf3 16.exf3 gxf3
17.Rxf3 Qg5 18.Qe2 Rxf3 19.Bxf3 Bh6 20.Re1 Qd2 21.Qxd2 Bxd2 22.Re2 Bh6 23.Kg2 dxc4  1/2-1/2

[Event "Maccabiah GM1 2013"]
[Site "Jerusalem ISR"]
[Date "2013.07.28"]
[Round "9.4"]
[White "Grunberg,M"]
[Black "Mikhalevski,V"]
[Result "1/2-1/2"]
[WhiteElo "2411"]
[BlackElo "2552"]

1.Nf3 d5 2.c4 d4 3.g3 Nc6 4.Bg2 e5 5.d3 Bb4+ 6.Bd2 a5 7.O-O Nf6 8.e3 O-O
9.exd4 exd4 10.Bg5 h6 11.Bxf6 Qxf6 12.a3 Bc5 13.Nbd2 Bf5 14.Ne1 Qg6 15.Ne4 Be7
16.Nc2 Rfd8 17.f4 a4 18.Nf2 Bd7 19.Re1 Bf8 20.Rb1 Na5 21.Be4 Qb6 22.Na1 Qd6
23.Bd5 Ra6 24.Ng4 c6 25.Bg2 f6 26.Nf2 Be6 27.Bh3 Bf7 28.Ne4 Qb8 29.Bf5 c5
30.b4 axb3 31.Nxb3 Nxb3 32.Rxb3 g6 33.Bh3 f5 34.Nd2 Qa7 35.Bg2 Rd7 36.Qc1 Rad6
37.Nf3 b6 38.Ne5 Re7 39.Nxf7 Kxf7 40.Bd5+ Kg7 41.Qd2 Kh7  1/2-1/2

[Event "9th Tabor Open 2013"]
[Site "Tabor CZE"]
[Date "2013.07.28"]
[Round "1.38"]
[White "Rous,D"]
[Black "Eder,Antonin"]
[Result "1-0"]
[WhiteElo "2041"]
[BlackElo "1548"]

1.Nf3 d5 2.c4 e6 3.d4 Nf6 4.Nc3 b6 5.Bg5 Be7 6.e3 O-O 7.Rc1 Bb7 8.cxd5 Nxd5
9.Bxe7 Qxe7 10.Bd3 Nb4 11.Bb1 g6 12.O-O Nd7 13.a3 Na6 14.b4 c6 15.Ne5 Nxe5
16.dxe5 c5 17.b5 Rad8 18.Qg4 Nc7 19.a4 a6 20.bxa6 Nxa6 21.Be4 Nb4 22.Bxb7 Qxb7
23.Ne4 Nd3 24.Nf6+ Kh8 25.Qh4 h5 26.Rc4 Qe7 27.Qg5  1-0

[Event "Sparkassen Open A 2013"]
[Site "Dortmund GER"]
[Date "2013.07.29"]
[Round "3.30"]
[White "Meyes,Richard"]
[Black "Boehm,Ju2"]
[Result "1/2-1/2"]
[WhiteElo "1808"]
[BlackElo "2189"]

1.Nf3 d5 2.c4 d4 3.b4 f6 4.Bb2 e5 5.c5 a5 6.a3 axb4 7.axb4 Rxa1 8.Bxa1 Ne7
9.e3 dxe3 10.fxe3 Nd5 11.Bc3 Be6 12.Qa4+ Nd7 13.Be2 Be7 14.O-O O-O 15.Qb3 Re8
16.Bc4 Nf8 17.e4 Nxc3 18.Bxe6+ Nxe6 19.Qxe6+ Kh8 20.Qc4 Nxb1 21.Rxb1 Qd7
22.Kf2 Rd8 23.Ke2 Bf8 24.h3 b5 25.Qb3 Qc6 26.d3 Qd7 27.Ra1 c6 28.Ra6 Qb7
29.Qa3 Qd7 30.Ra7 Qe8 31.Qa2 Qg6 32.Kf2 Qe8 33.Ke3 Rc8 34.Qa6 Qe6 35.Qa2 Qxa2
36.Rxa2 g6 37.Ra6 Bh6+ 38.Ke2 Bc1 39.Kd1 Bb2 40.Kc2 Bd4 41.Nd2 Bf2 42.Nb3 Be1
43.Nd2 Rc7 44.Kd1 Bxd2 45.Kxd2 Kg7 46.Ke3 Kf7 47.d4 exd4+ 48.Kxd4 Ke6 49.g3 f5
50.Rb6 fxe4 51.Kxe4 Kf6 52.h4 h5 53.Kf4  1/2-1/2

[Event "9th Tabor Open 2013"]
[Site "Tabor CZE"]
[Date "2013.07.29"]
[Round "3.15"]
[White "Vybiral,Z"]
[Black "Krbusik,M"]
[Result "1-0"]
[WhiteElo "2195"]
[BlackElo "1972"]

1.Nf3 d5 2.c4 c6 3.b3 e6 4.g3 Nf6 5.Bg2 g6 6.O-O Nbd7 7.d4 Ne4 8.Qc2 Bg7
9.Ba3 c5 10.cxd5 exd5 11.Nbd2 O-O 12.Nxe4 dxe4 13.Qxe4 Re8 14.Qd5 cxd4 15.Nxd4 Qb6
16.Rad1 a6 17.e3 Nf6 18.Qc5 Qxc5 19.Bxc5 Ne4 20.Bb6 Bd7 21.Rc1 Bxd4 22.Bxd4 Bc6
23.Rfd1 Re6 24.f3 Ng5 25.e4 Ree8 26.Bf6 Ne6 27.Bf1 h5 28.Kf2 Rac8 29.Rc3 Nc7
30.a4 Ne6 31.Rd6 Kf8 32.Bxa6 Bxe4 33.Bb5 Rxc3 34.Bxc3 Rc8 35.Bb4  1-0

[Event "100th ch-GBR 2013"]
[Site "Torquay ENG"]
[Date "2013.07.29"]
[Round "1.25"]
[White "Carr,N"]
[Black "Henderson,David"]
[Result "1/2-1/2"]
[WhiteElo "2290"]
[BlackElo "2053"]

1.Nf3 d5 2.c4 e6 3.g3 Nf6 4.Bg2 Bd6 5.O-O O-O 6.d4 c6 7.Nc3 Nbd7 8.Nd2 Be7
9.e4 dxe4 10.Ndxe4 Nxe4 11.Nxe4 Nf6 12.Be3 Nxe4 13.Bxe4 Bd6 14.f4 Bd7 15.Qc2 h6
16.Qg2 Rb8 17.Rad1 Qc7 18.Kh1 Rbd8 19.Rd2 Bc8 20.Rfd1 Be7 21.c5 f6 22.Bc2 f5
23.Rg1 Bf6 24.g4 fxg4 25.Qe4 Kf7 26.Rxg4 Rd5 27.Bb3 Qd7 28.Rdg2 Rg8 29.Qg6+ Ke7
30.Qh7 Qe8 31.Bxd5 exd5 32.R4g3 Kd8 33.Bg1 Rf8  1/2-1/2

[Event "114th US Open"]
[Site "Middleton USA"]
[Date "2013.07.30"]
[Round "4"]
[White "Friedel,J"]
[Black "Prathiba,Y"]
[Result "1-0"]
[WhiteElo "2506"]
[BlackElo "2193"]

1.Nf3 d5 2.c4 c6 3.b3 Nf6 4.Bb2 Bf5 5.e3 e6 6.Be2 Bd6 7.O-O Nbd7 8.Nc3 O-O
9.Nh4 Bg6 10.Nxg6 hxg6 11.d4 Ne4 12.Nxe4 dxe4 13.Qc2 Nf6 14.f3 exf3 15.Bxf3 Qc7
16.g3 c5 17.Qg2 Rab8 18.g4 g5 19.Rad1 Rfd8 20.h4 Nh7 21.h5 b6 22.Be4 cxd4
23.Bxd4 e5 24.Bb2 Nf6 25.Rxf6 gxf6 26.Qf3 Bf8 27.Rf1 Qd7 28.Kh1 Qe6 29.Bd5 Qe7
30.Qf5 Rxd5 31.cxd5 Rd8 32.e4 Qb4 33.Kg2 Bc5 34.Kh3 Be7 35.h6 Qd2 36.Bxe5 fxe5
37.Qxf7+  1-0

[Event "XXII TCh-MKD 2013"]
[Site "Struga MKD"]
[Date "2013.07.30"]
[Round "2.4"]
[White "Simjanovski,S"]
[Black "Nikoloski,K"]
[Result "1/2-1/2"]
[WhiteElo "2239"]
[BlackElo "2156"]

1.Nf3 d5 2.c4 e6 3.g3 Nf6 4.Bg2 c5 5.d4 Nc6 6.O-O dxc4 7.Qa4 cxd4 8.Ne5 Bd7
9.Nxc6 Qb6 10.Qxc4 Bxc6 11.Bxc6+ bxc6 12.Nd2 Rd8 13.Nf3 Qb5 14.Qxb5 cxb5
15.Rd1 Bc5 16.b4 Bxb4 17.Rb1 a5 18.a3 Bc3 19.Rxb5 O-O 20.Bf4 Rd5 21.Rxd5 Nxd5
22.Be5 Bb2 23.Rd3 Nc3 24.Kf1 Bxa3 25.Nxd4 Bb4 26.Nc6 Nd5 27.Nxb4 Nxb4 28.Rd7 Nc6
29.Bc3 Rc8 30.Rb7 h6 31.Rb6 Kh7 32.Ra6 Nb4 33.Bxb4 axb4 34.Rb6 Rc1+ 35.Kg2 Rc4
36.Kf3 e5 37.Ke3 f5 38.Rb5 Re4+ 39.Kd3 Kg6 40.e3 b3 41.Rxb3 Ra4 42.Ke2 Ra2+
43.Kf3 e4+ 44.Kg2  1/2-1/2

[Event "Biel MTO 2013"]
[Site "Biel SUI"]
[Date "2013.07.31"]
[Round "9.6"]
[White "Adianto,U"]
[Black "Saric,A"]
[Result "1/2-1/2"]
[WhiteElo "2548"]
[BlackElo "2565"]

1.Nf3 d5 2.c4 e6 3.d4 Nf6 4.g3 dxc4 5.Bg2 c5 6.Qa4+ Bd7 7.Qxc4 Bc6 8.dxc5 Nbd7
9.O-O Bxc5 10.Nc3 Rc8 11.Qh4 O-O 12.Bg5 h6 13.Bxf6 Nxf6 14.Rac1 Qb6 15.Ne5 Bxg2
16.Kxg2 Qxb2 17.Nd3 Qa3 18.Rc2 Be7 19.Nb1 Qa6 20.Rfc1 b5 21.Nd2 Rxc2 22.Rxc2 Rc8
23.Rxc8+ Qxc8 24.Qd4 Qa6 25.Qb2 Qc6+ 26.Nf3 Nd7 27.Qd4 Qb7 28.h4 Nb6 29.Nf4 Nc4
30.Kg1 Bf6 31.Qc5 g6 32.a4 a6 33.axb5 axb5 34.Nd3 Qd7 35.Qb4 Kg7 36.Qb1 Qc6
37.Nb4 Qa8 38.Kg2 Nd2 39.Qd3 Nxf3 40.exf3 Qa4 41.Nc6 Qc4 42.Qd6 Bc3 43.Nb8 Qd5
44.Qe7 Be5 45.Na6 Bd6 46.Qd7 b4 47.Nc7 Bxc7 48.Qxc7 Qd4 49.Qb8 Qc3 50.g4 b3
51.g5 h5 52.Qb7 b2 53.Qb6 e5 54.Qf6+ Kg8 55.Qd8+ Kh7 56.Qd5 Kg7 57.Qb5 Qd4
58.Kg3 Kf8 59.Qb8+ Ke7 60.Qc7+ Kf8 61.Qb8+ Kg7 62.Qb5 Qf4+ 63.Kg2 Qxh4 64.Qxe5+ Kh7
65.Qf6 Qxg5+ 66.Qxg5 b1=Q 67.Qd5 Kg8 68.Qd8+ Kg7 69.Qd4+ f6 70.Qd7+ Kh6 71.Qd2+ g5
72.Qd8 Qb2 73.Qh8+ Kg6 74.Qe8+ Kh6 75.Qh8+  1/2-1/2

[Event "Politiken Cup 2013"]
[Site "Helsingor DEN"]
[Date "2013.07.31"]
[Round "6.14"]
[White "Svane,R"]
[Black "Englert,F"]
[Result "1-0"]
[WhiteElo "2427"]
[BlackElo "2282"]

1.Nf3 d5 2.c4 e6 3.g3 d4 4.Bg2 Nc6 5.d3 Nf6 6.O-O Be7 7.e3 O-O 8.exd4 Nxd4
9.Nc3 Nxf3+ 10.Qxf3 e5 11.Re1 Nd7 12.Be3 c6 13.Rad1 Qc7 14.d4 exd4 15.Rxd4 Nf6
16.Rf4 Be6 17.Bd4 Rae8 18.Bxf6 gxf6 19.Qh5 f5 20.Bh3 Bf6 21.Bxf5 Bxf5 22.Rxe8 Rxe8
23.Qxf5 Bxc3 24.bxc3 Re6 25.Rg4+ Rg6 26.Rd4 Qe7 27.Rd7 Qf6 28.Qd3 Rg5 29.Rxb7 Ra5
30.Qd2 Ra3 31.Rb3 Ra4 32.Qe2 Qe6 33.Qd2 Rxc4 34.Qg5+ Qg6 35.Qe5  1-0

[Event "9th Ribeira Valley Open 2013"]
[Site "Registro BRA"]
[Date "2013.07.31"]
[Round "3.20"]
[White "Rezende,Guilherme Vilela"]
[Black "Yanaguihara,Vitor Kioshi"]
[Result "1-0"]
[WhiteElo "2091"]
[BlackElo "1746"]

1.Nf3 d5 2.c4 dxc4 3.e3 Nf6 4.Bxc4 e6 5.O-O Bd6 6.d4 O-O 7.Nc3 a6 8.e4 Be7
9.a4 c6 10.a5 h6 11.Qe2 Bb4 12.Bd3 Bxa5 13.e5 Nd5 14.Ne4 Bc7 15.Bb1 Nd7 16.h4 f5
17.Nc3 Qe8 18.Bd2 N7b6 19.Rc1 Bd8 20.Ne1 Bxh4 21.g3 Be7 22.Kg2 Qg6 23.Nf3 Qg4
24.Rh1 Kf7 25.Bc2 Ke8 26.Rh3 Bd7 27.Na4 Nxa4 28.Bxa4 Bb4 29.Rh4 Qg6 30.Bc2 Be7
31.Rh3 Rc8 32.Nh4 Qg4 33.Qxg4 fxg4 34.Rhh1 Bxh4 35.Rxh4 c5 36.Bg6+ Kd8 37.Rxg4 cxd4
38.Rxd4 Rc2 39.Bxc2  1-0

[Event "3rd Chinese Master Rapid Men"]
[Site "Shenzhen CHN"]
[Date "2013.07.31"]
[Round "4.2"]
[White "Xiu Deshun"]
[Black "Ni Hua"]
[Result "1/2-1/2"]
[WhiteElo "2556"]
[BlackElo "2661"]

1.Nf3 d5 2.c4 c6 3.e3 Nf6 4.Nc3 g6 5.d4 Bg7 6.Be2 O-O 7.O-O b6 8.b4 Nbd7
9.a4 a5 10.b5 Bb7 11.bxc6 Bxc6 12.Ba3 Re8 13.Qb3 e6 14.Nd2 Bf8 15.Bxf8 Rxf8
16.Rfc1 Qe7 17.cxd5 Nxd5 18.Nxd5 Bxd5 19.Bc4 Bb7 20.Bb5 Nf6 21.Nc4 Bd5 22.Qb2 Qb7
23.f3 Rac8 24.Ne5 Qb8 25.e4 Bb7 26.Nc4 Qf4 27.Nxb6 Qe3+ 28.Kh1 Rxc1+ 29.Rxc1 Rd8
30.Nc4 Qf4 31.Nxa5 Bxe4 32.Bc6 Rb8 33.Qa3 Bxc6 34.Nxc6 Rb3 35.Qc5 Rxf3 36.gxf3 Qxf3+
37.Kg1 Qe3+ 38.Kg2 Qe2+ 39.Kg1 Qe3+ 40.Kg2  1/2-1/2

[Event "9th Tabor Open 2013"]
[Site "Tabor CZE"]
[Date "2013.07.31"]
[Round "5.12"]
[White "Bjarnehag,P"]
[Black "Kubin,P"]
[Result "0-1"]
[WhiteElo "2185"]
[BlackElo "2036"]

1.Nf3 d5 2.c4 d4 3.d3 Nc6 4.a3 a5 5.g3 e5 6.Bg2 Nf6 7.O-O Bc5 8.e4 O-O 9.Nh4 Be6
10.Nd2 a4 11.Nf5 g6 12.Nh4 Qd7 13.Nhf3 Bh3 14.Ng5 Bxg2 15.Kxg2 Be7 16.Ndf3 h6
17.Nh3 Kg7 18.Bd2 Qe6 19.Ne1 Nd7 20.Bb4 f5 21.exf5 Qxf5 22.Bxe7 Nxe7 23.Qf3 Nc5
24.Qxf5 Nxf5 25.Rd1 Ra6 26.Ng1 Re6 27.Ngf3 Ne7 28.Rd2 Nc6 29.Re2 e4 30.dxe4 Rxe4
31.Rxe4 Nxe4 32.Nd3 Rxf3 33.Kxf3 Nd2+ 34.Ke2 Nxf1 35.Kxf1 b6 36.c5 b5 37.f4 Kf6
38.Ke2 Ke6 39.Kf3 Kd5 40.g4 Ne7 41.h3 Nc6 42.h4 Ne7 43.Ne5 h5 44.Nd3 hxg4+
45.Kxg4 Ke4 46.Nf2+ Ke3 47.Nd1+ Ke2  0-1

[Event "Politiken Cup 2013"]
[Site "Helsingor DEN"]
[Date "2013.08.01"]
[Round "7.19"]
[White "Argandona Riveiro,I"]
[Black "Nielsen,LA"]
[Result "1-0"]
[WhiteElo "2388"]
[BlackElo "2265"]

1.Nf3 d5 2.c4 Nf6 3.cxd5 Nxd5 4.g3 g6 5.Bg2 Bg7 6.O-O e5 7.d3 O-O 8.Qb3 c6
9.Nc3 Re8 10.Ng5 h6 11.Nxf7 Kxf7 12.e4 Qb6 13.Qc4 Qd4 14.exd5 Qxc4 15.dxc4 Rd8
16.f4 exf4 17.Bxf4 Kg8 18.Rae1 Bf5 19.Re7 Nd7 20.dxc6 bxc6 21.Bxc6 Rac8 22.Bb7 Bf6
23.Bxc8 Bxe7 24.Bb7 Kg7 25.b3 Bf6 26.Nd5 Bb2 27.Ne3 Bd3 28.Rd1 Nc5 29.Bf3 g5
30.Bc7 Rf8 31.Bd6 Rxf3 32.Bxc5 Be4 33.Bxa7 h5 34.Nf1 Kg6 35.Rd6+ Kf7 36.Nd2  1-0

[Event "Politiken Cup 2013"]
[Site "Helsingor DEN"]
[Date "2013.08.01"]
[Round "7.15"]
[White "Rasmussen,A"]
[Black "Friedrich,N"]
[Result "1-0"]
[WhiteElo "2502"]
[BlackElo "2305"]

1.Nf3 d5 2.c4 d4 3.g3 Nc6 4.Bg2 e5 5.O-O Nf6 6.d3 a5 7.e3 dxe3 8.Bxe3 Be7
9.d4 exd4 10.Nxd4 Nxd4 11.Bxd4 O-O 12.Nc3 c6 13.Na4 Be6 14.b3 Nd7 15.Rc1 Bf6
16.Be3 Re8 17.h3 b5 18.cxb5 cxb5 19.Nc3 Rb8 20.Ba7 b4 21.Bxb8 bxc3 22.Ba7 a4
23.Bd4 axb3 24.axb3 Bxb3 25.Bxf6  1-0

[Event "16th Olomouc Open"]
[Site "Olomouc CZE"]
[Date "2013.08.01"]
[Round "1.6"]
[White "Schmidt,Rau"]
[Black "Ulrich,T2"]
[Result "1-0"]
[WhiteElo "2371"]
[BlackElo "2007"]

1.Nf3 d5 2.c4 e6 3.g3 Nf6 4.Bg2 dxc4 5.Ne5 Nbd7 6.Nxc4 Nb6 7.Na5 c6 8.a3 Bd6
9.O-O O-O 10.d4 e5 11.Nc3 exd4 12.Qxd4 Qc7 13.Rd1 Be5 14.Bf4 Bxf4 15.Qxf4 Qxf4
16.gxf4 Nbd5 17.Nxd5 Nxd5 18.Bxd5 cxd5 19.Rxd5 Be6 20.Rd2 b6 21.Nc6 Rfe8
22.Rc1 h6 23.Nd4 Rad8 24.Rc7 Rd7 25.Rxd7 Bxd7 26.Rc2 Bh3 27.f3 Rd8 28.e3 Rd7
29.Kf2 Be6 30.f5 Ba2 31.Kg3 Bb1 32.Rc1 Bd3 33.Rc3 Ba6 34.Kf4 Kf8 35.Ke5 Bb7
36.Kf4 Ke8 37.Nb5 a6 38.Nd4 Kd8 39.Nc6+ Ke8 40.Ne5 Re7 41.Nc4 b5 42.Nd6+ Kd8
43.e4 Rd7 44.e5 Ke7 45.Nxf7 b4 46.Rc1  1-0

[Event "16th Olomouc Open"]
[Site "Olomouc CZE"]
[Date "2013.08.01"]
[Round "1.12"]
[White "Mankeyev,Raua"]
[Black "Forlano,L"]
[Result "1-0"]
[WhiteElo "2316"]
[BlackElo "1975"]

1.Nf3 d5 2.c4 c6 3.b3 h6 4.Bb2 Bf5 5.g3 e6 6.Bg2 Nf6 7.O-O Be7 8.d3 O-O 9.Nbd2 Bh7
10.Qc2 Nfd7 11.e4 Bf6 12.e5 Be7 13.Qc3 Na6 14.Rfd1 Nb4 15.Nf1 c5 16.d4 Nc2
17.Rac1 cxd4 18.Nxd4 Bb4 19.Qf3 Nxd4 20.Bxd4 Ba3 21.Rc3 Bb2 22.Re3 Bxd4 23.Rxd4 Be4
24.Rexe4 dxe4 25.Qd1 Qa5 26.Rxd7 Qxe5 27.Rxb7 f5 28.Rd7 g5 29.Ne3 g4 30.Nxg4 Qh8
31.c5 Rae8 32.c6 h5 33.Ne3 h4 34.c7 Rc8 35.Bxe4 hxg3 36.hxg3 Qf6 37.Nxf5 Rf7  1-0

[Event "9th Ribeira Valley Open 2013"]
[Site "Registro BRA"]
[Date "2013.08.01"]
[Round "6.20"]
[White "Hirota da Silva,N"]
[Black "Lucci,Bruno Wendorff"]
[Result "1/2-1/2"]
[WhiteElo "2064"]
[BlackElo "1888"]

1.Nf3 d5 2.c4 d4 3.g3 c5 4.Bg2 Nc6 5.O-O e5 6.d3 f6 7.e4 Be6 8.Ne1 h5 9.f4 Bg4
10.Bf3 Qd7 11.f5 Bxf3 12.Nxf3 Bd6 13.Nh4 Nge7 14.Bd2 O-O-O 15.Na3 Rdg8 16.Qf3 g5
17.fxg6 Nxg6 18.Nxg6 Rxg6 19.Qf5 Qxf5 20.Rxf5 h4 21.Kg2 hxg3 22.hxg3 Rhg8
23.Rf3 Be7 24.Nc2 Nd8 25.Rh1 Ne6 26.Rh3 Rg4 27.Kf2 Kd7 28.Ne1 Nd8 29.Ng2 Nf7
30.Rh7 R4g7 31.Rxg7 Rxg7 32.Nh4 Nd6 33.Nf5 Nxf5 34.Rxf5 Rh7 35.Kg2 Ke6 36.Rf1 Bf8
37.g4 a6 38.Rb1 b5 39.b3 Kf7 40.Rc1 Kg6 41.Rb1  1/2-1/2

[Event "9th Gazi 2013"]
[Site "Gazi GRE"]
[Date "2013.08.02"]
[Round "8"]
[White "Maris,Io"]
[Black "Lirindzakis,T"]
[Result "1-0"]
[WhiteElo "1954"]
[BlackElo "2286"]

1.Nf3 d5 2.c4 e6 3.g3 Nf6 4.Bg2 Be7 5.O-O O-O 6.d4 dxc4 7.Qc2 a6 8.Qxc4 b5
9.Qc2 Bb7 10.a4 Nbd7 11.axb5 axb5 12.Rxa8 Bxa8 13.Bf4 c5 14.dxc5 Nxc5 15.Nc3 b4
16.Nb5 Qb6 17.Nbd4 Be4 18.Qc4 Ra8 19.Ne5 Bxg2 20.Kxg2 Bf8 21.f3 b3 22.e4 h6
23.Be3 Qb7 24.Ndc6 Ra4 25.Qc3 Nfd7 26.Bxc5 Nxc5 27.Nd8 Qb4 28.Qxb4 Rxb4 29.Ndxf7 Rd4
30.h4 Be7 31.Rf2 Rd1 32.Kh3 Rc1 33.Rd2 Rc2 34.Rd4 Rxb2 35.Rb4 Rd2 36.Rb8+ Bf8
37.g4 b2 38.g5 hxg5 39.hxg5 Nd7 40.Nxd7 Rxd7 41.g6 Rd1 42.Rxb2 Rg1 43.Ne5 Bd6
44.Rd2  1-0

[Event "17th Godesberg Open"]
[Site "Bonn GER"]
[Date "2013.08.03"]
[Round "1.1"]
[White "Boidman,Y"]
[Black "Maassen,H"]
[Result "1-0"]
[WhiteElo "2403"]
[BlackElo "1831"]

1.Nf3 d5 2.c4 Nf6 3.cxd5 Nxd5 4.e4 Nb6 5.d4 e6 6.Nc3 Bb4 7.Bd3 O-O 8.a3 Bxc3+
9.bxc3 Nc6 10.e5 h6 11.Bc2 f5 12.O-O Nc4 13.Qe2 N6a5 14.Bd3 b5 15.a4 c6 16.Rb1 a6
17.Nd2 Qd5 18.Nxc4 bxc4 19.Bc2 Bb7 20.f3 Rab8 21.Ba3 Rfd8 22.Bd6 Rbc8 23.Be4  1-0

[Event "16th Olomouc Open"]
[Site "Olomouc CZE"]
[Date "2013.08.03"]
[Round "3.10"]
[White "Ageichenko,G"]
[Black "Volodin,V"]
[Result "1-0"]
[WhiteElo "2302"]
[BlackElo "2188"]

1.Nf3 d5 2.c4 e6 3.d4 c6 4.Bg5 Be7 5.Bxe7 Qxe7 6.Qc2 Nf6 7.e3 O-O 8.Nc3 Nbd7
9.Rd1 a6 10.a3 dxc4 11.Bxc4 b5 12.Ba2 c5 13.dxc5 Qxc5 14.Bb1 Qh5 15.Rd4 Bb7
16.Rh4 Qg6 17.Qxg6 hxg6 18.Rd4 Bxf3 19.gxf3 Ne5 20.Ke2 Nc4 21.Nd1 Rad8 22.Rd3 Nd7
23.Ba2 Nde5 24.Rd4 Rxd4 25.exd4 Nc6 26.Bxc4 bxc4 27.Ne3 Nxd4+ 28.Kd2 Nxf3+
29.Kc3 Ne5 30.f4 Nd3 31.Rf1 e5 32.Nxc4 Nxf4 33.Nxe5 g5 34.b4 Re8 35.Nc4 Rd8
36.Rf3 Ne2+ 37.Kb2 Rd4 38.Re3 Rxc4 39.Rxe2 g4 40.Kb3 Rc8 41.a4 Kh7 42.Rc2 Ra8
43.Rc5 Kg6 44.Ra5 Rh8 45.Rxa6+ f6 46.Rc6 Rxh2 47.b5 Rh1 48.Rc2 Rb1+ 49.Ka2 Rf1
50.b6 g3 51.b7 Rf2 52.Rxf2 gxf2 53.b8=Q f1=Q 54.Qb1+  1-0